| 000 | 00685cam a2200193 a 4500 | ||
|---|---|---|---|
| 001 | 000002136 | ||
| 005 | 20200929145839.0 | ||
| 008 | 750811s1960 mx a b 001 0bspa | ||
| 040 |
_aDO-SdBNP _cNNCU-G _dOCoLC _dDLC |
||
| 082 |
_aPR860 _bM433D |
||
| 100 | 1 |
_aDíaz Soler, Luis M. _96846 |
|
| 245 | 1 | 0 |
_aRosendo Matienzo Cintrón / _cLuis M. Díaz Soler. |
| 260 |
_aMéxico : _bInstituto de Literatura Puertorriqueña : _bUniversidad de Puerto Rico, _c1960. |
||
| 300 |
_a2 v. : _bil. ; _c24 cm. |
||
| 500 | _aLa biblioteca posee el vol. 2. | ||
| 600 | 1 | 0 |
_aMATIENZO CINTRÓN, ROSENDO, _d1855-1913. _96847 |
| 650 | 4 |
_aLiteratura puertorriqueña _9250 |
|
| 910 | _aCatalogación por copia / LC | ||
| 999 |
_c1988 _d1988 |
||